<?xml version="1.0" encoding="UTF-8"?>
<record
    xmlns:xsi="http://www.w3.org/2001/XMLSchema-instance"
    xsi:schemaLocation="http://www.loc.gov/MARC21/slim http://www.loc.gov/standards/marcxml/schema/MARC21slim.xsd"
    xmlns="http://www.loc.gov/MARC21/slim">

  <leader>01721nam a2200289 i 4500</leader>
  <controlfield tag="001">189916</controlfield>
  <controlfield tag="003">SpMaBN</controlfield>
  <controlfield tag="005">20251009164639.0</controlfield>
  <controlfield tag="008">191226s1984    sp       b   |||| | spa d</controlfield>
  <datafield tag="080" ind1=" " ind2=" ">
    <subfield code="a">017.11(460.15)</subfield>
  </datafield>
  <datafield tag="080" ind1=" " ind2=" ">
    <subfield code="a">016:091</subfield>
  </datafield>
  <datafield tag="100" ind1="1" ind2=" ">
    <subfield code="a">Gonz&#xE1;lez Echegaray, Carlos, </subfield>
    <subfield code="d">1921-2013</subfield>
    <subfield code="9">58608</subfield>
  </datafield>
  <datafield tag="245" ind1="1" ind2="0">
    <subfield code="a">Cat&#xE1;logo de los manuscritos reunidos por el pr&#xED;ncipe Luis-Luciano Bonaparte que se hallan en el Pa&#xED;s Vasco, con un &#xED;ndice de nombres de personas, lugares, lenguas y dialectos, y un cat&#xE1;logo de publicaciones hechas por el mismo de algunos de los manuscritos, o referentes a ellos, que se hallan en las principales bibliotecas del Pa&#xED;s Vasco / </subfield>
    <subfield code="c">por Carlos Gonz&#xE1;lez Echegaray ; [pr&#xF3;logo por Jos&#xE9; Antonio Arana Martija].</subfield>
  </datafield>
  <datafield tag="246" ind1="3" ind2="4">
    <subfield code="a">Cat&#xE1;logo de los manuscritos de L.L. Bonaparte</subfield>
  </datafield>
  <datafield tag="260" ind1=" " ind2=" ">
    <subfield code="a">[Bilbao : </subfield>
    <subfield code="b">Real Academia de la Lengua Vasca, </subfield>
    <subfield code="c">1984]</subfield>
  </datafield>
  <datafield tag="300" ind1=" " ind2=" ">
    <subfield code="a">P. 25-184 p. ; </subfield>
    <subfield code="c">24 cm.</subfield>
  </datafield>
  <datafield tag="490" ind1="1" ind2=" ">
    <subfield code="a">Euskera: Euskaltzaindiaren Ian eta agiriak = Trabajos y actas de la Real Academia de la Lengua Vasca = Travaux et actes de l'Academie de la Langue Basque</subfield>
  </datafield>
  <datafield tag="500" ind1=" " ind2=" ">
    <subfield code="a">&#xCD;ndices.</subfield>
  </datafield>
  <datafield tag="595" ind1=" " ind2=" ">
    <subfield code="a">Separata de la revista Euskera, n. 29 (1984,1)</subfield>
  </datafield>
  <datafield tag="600" ind1="1" ind2="7">
    <subfield code="a">Bonaparte, Louis-Lucien, </subfield>
    <subfield code="d">1813-1891- </subfield>
    <subfield code="x">Biblioteca- </subfield>
    <subfield code="v">Cat&#xE1;logos</subfield>
    <subfield code="2"></subfield>
    <subfield code="9">169266</subfield>
  </datafield>
  <datafield tag="650" ind1=" " ind2="7">
    <subfield code="a">Manuscritos-</subfield>
    <subfield code="v">Cat&#xE1;logos.</subfield>
    <subfield code="9">136460</subfield>
  </datafield>
  <datafield tag="700" ind1="1" ind2=" ">
    <subfield code="a">Arana Martija, Jos&#xE9; Antonio, </subfield>
    <subfield code="d">1931-2011</subfield>
    <subfield code="9">169267</subfield>
  </datafield>
  <datafield tag="710" ind1="2" ind2=" ">
    <subfield code="a">Real Academia de la Lengua Vasca.</subfield>
    <subfield code="9">6316</subfield>
  </datafield>
  <datafield tag="830" ind1="0" ind2=" ">
    <subfield code="a">Euskera: Euskaltzaindiaren Ian eta agiriak = Trabajos y actas de la Real Academia de la Lengua Vasca = Travaux et actes de l'Academie de la Langue Basque</subfield>
    <subfield code="9">225868</subfield>
  </datafield>
  <datafield tag="852" ind1=" " ind2=" ">
    <subfield code="a">ES-MaACL</subfield>
    <subfield code="j">L-32499 </subfield>
    <subfield code="z">. - Donat. Viuda Antonio Tovar</subfield>
  </datafield>
  <datafield tag="999" ind1=" " ind2=" ">
    <subfield code="c">189916</subfield>
    <subfield code="d">189916</subfield>
  </datafield>
  <datafield tag="952" ind1=" " ind2=" ">
    <subfield code="0">0</subfield>
    <subfield code="1">0</subfield>
    <subfield code="4">0</subfield>
    <subfield code="7">0</subfield>
    <subfield code="a">ATENEOM</subfield>
    <subfield code="b">ATENEOM</subfield>
    <subfield code="c">DEPO2</subfield>
    <subfield code="d">2019-12-26</subfield>
    <subfield code="e">DON</subfield>
    <subfield code="l">0</subfield>
    <subfield code="o">L-32499</subfield>
    <subfield code="p">1201451</subfield>
    <subfield code="r">2023-02-23 00:00:00</subfield>
    <subfield code="w">2023-02-23</subfield>
    <subfield code="y">MONOGRAFIA</subfield>
  </datafield>
</record>
